000 00322nam a2200145Ia 4500
008 240624s9999 xx 000 0 und d
041 _aeng
082 _a338.4 JON
100 _aJONES ANDREW M
245 _aAPPLIED HEALTH ECONOMICS
250 _a(2nd ed.)
260 _c2012
300 _a352 : p.
365 _cGBP
_b28
999 _c22122
_d22122